000 00626cam a2200193ua 4500
001 6797
008 140311n ii |||gr||||Z||||||eng
020 _a0-07-058950-X
040 _cMAIN
082 _a519
245 _aTheory and problems of probability,random variables,and random processes
_cBy Hwei P. HSU
250 _a3rd rep.
260 _aNew delhi:
_bTata McGraw-hill publishing company limited,
_c2004.
300 _avii,303p.
653 _aProbabilities & applied mathematics
653 _aTheory and problems of probability,random variables,and random processes
700 _aHSU,Hwei P.,
_eAuthor.
942 _cBK
999 _c5945
_d5945